| 000 | 00593cam a2200253 4500 | ||
|---|---|---|---|
| 001 | B2060 | ||
| 008 | 090401t1988 xxu||||| |||| 00| 0 eng d | ||
| 035 | _a(Sirsi) u47841 | ||
| 041 | _aeng | ||
| 050 | _a333.33 | ||
| 110 |
_aHealey and Baker _91907 |
||
| 245 | _aHealey and Baker 88/89 | ||
| 260 |
_aLondon _bHealey and Baker _c1988 |
||
| 300 | _a26p. : ill. ; 30cm. | ||
| 350 | _a0 | ||
| 650 | _aEUROPE | ||
| 650 | _aHIGH TECHNOLOGY | ||
| 650 | _aOFFICES | ||
| 650 | _aPROPERTY INVESTMENT | ||
| 650 | _aPROPERTY MARKET | ||
| 650 | _aSHOPS | ||
| 942 | _n0 | ||
| 948 | _c04/03/1997 | ||
| 999 |
_c92216 _d92216 |
||